Every Song by Foster the People - Statistics

General Stats
  • This quiz has been taken 65 times
    47 since last reset
  • The average score is 34 of 62
Answer Stats
Album Song % Correct
Torches(2011) Pumped Up Kicks
100%
Torches(2011) Houdini
93%
Torches(2011) Helena Beat
89%
Torches(2011) Warrant
89%
Sacred Hearts Club(2017) Sit Next to Me
85%
Torches(2011) I Would Do Anything For You
81%
Torches(2011) Miss You
81%
Torches(2011) Waste
81%
Torches(2011) Call It What You Want
78%
Torches(2011) Hustling(Life on the Nickel)
78%
Torches(Bonus)(2011) Broken Jaw
74%
Torches(2011) Don't Stop(Color on the Walls)
74%
Paradise State of Mind(2024) Paradise State of Mind
74%
Supermodel(2014) Are You What You Want to Be?
70%
Supermodel(2014) Best Friend
70%
Torches(Bonus)(2011) Love
70%
Pick U Up(2019) Pick U Up
70%
Supermodel(2014) Coming of Age
67%
Supermodel(2014) Goats in Trees
67%
Torches(Bonus)(2011) Ruby
67%
Supermodel(2014) Ask Yourself
63%
Sacred Hearts Club(2017) Doing It for the Money
63%
Supermodel(2014) Fire Escape
63%
Sacred Hearts Club(2017) SHC
63%
Torches(Bonus)(2011) Downtown
59%
Sacred Hearts Club(2017) III
59%
Pick U Up(2019) Imagination
59%
Supermodel(2014) A Beginner's Guide to Destroying the Moon
56%
Paradise State of Mind(2024) A Diamond to Be Born
56%
Torches(Bonus)(2011) Chin Music for the Unsuspecting Hero
56%
Sacred Hearts Club(2017) Loyal Like Sid & Nancy
56%
Sacred Hearts Club(2017) Pay the Man
52%
Paradise State of Mind(2024) Glitchzig
48%
Sacred Hearts Club(2017) I Love My Friends
48%
Paradise State of Mind(2024) Lost in Space
48%
Supermodel(2014) Nevermind
48%
Sacred Hearts Club(2017) Orange Dream
48%
Supermodel(2014) Pseudologia Fantastica
48%
Paradise State of Mind(2024) Sometimes I Wanna Be Bad
48%
Sacred Hearts Club(2017) Static Space Lover
48%
Supermodel(2014) The Truth
48%
Paradise State of Mind(2024) Chasing Low Vibrations
44%
Paradise State of Mind(2024) Feed Me
44%
Paradise State of Mind(2024) See You in the Afterlife
44%
Supermodel(2014) The Angelic Welcome of Mr. Jones
44%
Pick U Up(2019) Worst Nites
44%
In the Darkest of Nights, Let the Birds Sing(2020) Cadillac
41%
Sacred Hearts Club(2017) Lotus Eater
41%
Paradise State of Mind(2024) Take Me Back
41%
Sacred Hearts Club(2017) Time to Get Closer
41%
Sacred Hearts Club(2017) Harden the Paint
37%
Paradise State of Mind(2024) Let Go
37%
Supermodel(Bonus)(2014) Tabloid Super Junkie
37%
In the Darkest of Nights, Let the Birds Sing(2020) The Things We Do
37%
Non-Album(2020) It's Ok to Be Human
33%
In the Darkest of Nights, Let the Birds Sing(2020) Walk With a Big Stick
33%
Pick U Up(2019) Style
30%
In the Darkest of Nights, Let the Birds Sing(2020) Under the Moon
30%
Supermodel(Bonus)(2014) Cassius Clay's Pearly Whites
26%
In the Darkest of Nights, Let the Birds Sing(2020) Lamb's Wool
22%
In the Darkest of Nights, Let the Birds Sing(2020) Your Heart is My Home
22%
Paradise State of Mind(2024) The Holy Shangri-La
19%
No matching quizzes found
Score Distribution
Percent of People with Each Score
Percentile by Number Answered
Your Score History
You have not taken this quiz since the last reset